000 00201nam a2200097Ia 4500
008 190216s9999||||xx |||||||||||||| ||und||
100 _aUroob
245 0 _aAmina
260 _bCurrent Books
942 _cBK
999 _c23685
_d23685